000 00764nam a22001697a 4500
001 0000000886
003 PPM
005 20260415104818.0
008 260415b ||||| |||| 00| 0 eng d
035 _a0000000886
040 _aPPM
_bPPM
_cPusat Penyelidikan Mineral, Jabatan Mineral Dan Geosains Malaysia
_dPPM
_eRDA
100 1 _aChM Anuar bin Othman
_eauthor
245 1 0 _aLaporan K005/2026 : Laporan Menghadiri Kursus "Understanding , Evaluating And Implementing Effective Hirarc At The Workplace" di Niosh, Bangi, Sepangor pada 16 - 18 Disember 2025 /
_coleh ChM. Anuar b. Othman
260 1 _aPerak :
_bPusat Penyelidikan Mineral, Jabatan Mineral Dan Geosains Malaysia ,
_c2026
300 0 0 _a88 pages .:
_bsome colour, illustrations .;
_c29 cm
942 _2ddc
_cRPT
999 _c27194
_d27194